| Tag |
First Indicator |
Second Indicator |
Subfields |
| LEADER |
00000cam a2200000 4500 |
| 001 |
in00000100596 |
| 005 |
20150926125716.0 |
| 008 |
750923s1964 pau 00010 eng |
| 010 |
|
|
|a a 64007237
|
| 035 |
|
|
|a (OCoLC)01649098
|
| 035 |
|
|
|9 AAL4498AM
|
| 040 |
|
|
|a DLC
|c XFM
|d TXA
|d UtOrBLW
|
| 049 |
|
|
|a TXAM
|c 1 [486929]
|c 2 [1034628]
|
| 050 |
|
0 |
|a Z699.5.G4
|b W4
|
| 090 |
|
|
|a TN24.P4
|b P39 no. 81
|
| 100 |
1 |
|
|a Weber, Jon Noel Earl,
|d 1935-
|
| 245 |
1 |
0 |
|a General information retrieval program for geological, geophysical, and geochemical data /
|c by J.N. Weber and P. Deines.
|
| 264 |
|
1 |
|a [University Park] :
|b [Mineral Industries Experiment Station, College of Mineral Industries, Pennsylvania State University],
|c 1964.
|
| 300 |
|
|
|a 11 . ;
|c 28 cm.
|
| 336 |
|
|
|a text
|b txt
|2 rdacontent
|
| 337 |
|
|
|a unmediated
|b n
|2 rdamedia
|
| 338 |
|
|
|a volume
|b nc
|2 rdacarrier
|
| 490 |
1 |
|
|a Mineral Industries Experiment Station bulletin 81
|
| 650 |
|
0 |
|a Information storage and retrieval systems
|x Geology.
|
| 700 |
1 |
|
|a Dienes, Péter.
|
| 830 |
|
0 |
|a Bulletin (Pennsylvania State University. Earth and Mineral Sciences Experiment Station) ;
|v 81.
|
| 999 |
|
|
|a MARS
|
| 999 |
f |
f |
|s 2a539ab1-13e0-3a3d-a142-9020b0b1fb04
|i 1309d2f1-3501-3109-b8b2-9719fa4e7b56
|t 0
|
| 952 |
f |
f |
|p ric
|a Texas A&M University
|b Rellis Campus
|c Joint Library Facility
|s JLF
|d Remote Storage
|t 0
|e TN24.P4 P39 no. 81
|h Library of Congress classification
|i unmediated -- volume
|m A14805567800
|
| 952 |
f |
f |
|a Texas A&M University
|b College Station
|c Sterling C. Evans Library
|s Evans stk
|d Evans: Library Stacks
|t 0
|e TN24.P4 P39 no.74-82
|h Library of Congress classification
|
| 998 |
f |
f |
|a TN24.P4 P39 no. 81
|t 0
|l Remote Storage
|
| 998 |
f |
f |
|a TN24.P4 P39 no.74-82
|t 0
|l Evans: Library Stacks
|